| 000 | 00901pab a2200169 454500 | ||
|---|---|---|---|
| 008 | 180718b1999 xxu||||| |||| 00| 0 eng d | ||
| 100 | _aShaw, Annapurna | ||
| 245 | _aEmerging patterns of urban growth in India | ||
| 260 | _c1999 | ||
| 300 | _ap.969-78 | ||
| 362 | _a17 & 23 Apr | ||
| 520 | _aA study of investment in India's metropolitan cities (cities with million-plus population) and their neighbourhoods during the nineties indicates the emergence of urban cores of high investment and the virtual bypassing of the remaining metropolises by liberalisation-fostered growth. As the growth patterns of the 23 metropolises tend to reflect the state of the economies of their respective regions, this bespeaks the widening of interregional economic disparities. - Reproduced | ||
| 650 | _aUrban development | ||
| 650 | _aUrban growth | ||
| 773 | _aEconomic and Political Weekly | ||
| 909 | _a40639 | ||
| 999 |
_c40639 _d40639 |
||